[Event "New York Spring IM"]
[Site "New York"]
[Date "2025.03.30"]
[Round "6"]
[White "Espinosa, Pedro"]
[Black "Gaw, Chloe"]
[Result "0-1"]
[WhiteElo "2242"]
[BlackElo "2114"]
[PlyCount "176"]
[EventDate "2025.03.27"]
[EventType "tourn"]
[EventRounds "9"]
[EventCountry "USA"]
[SourceTitle "CB15_2025"]
[SourceDate "2025.04.09"]
[SourceVersion "1"]
[SourceVersionDate "2025.04.09"]
[SourceQuality "1"]

1. e4 c5 2. Nf3 d6 3. d4 cxd4 4. Nxd4 Nf6 5. Nc3 Nc6 6. f3 e5 7. Nb3 Be7 8. Be3 Be6 9. Qe2 0-0 10. 0-0-0 Qc8 11. g4 Nb4 12. Kb1 d5 13. exd5 Nbxd5 14. Bd2 Rd8 15. Re1 Bd6 16. Nxd5 Nxd5 17. Bg5 f6 18. Bd2 Bf7 19. h4 Nb4 20. Bc3 a5 21. a3 a4 22. Nc1 Nd5 23. Bd2 Ra6 24. Qc4 Rc6 25. Qxa4 Nb6 26. Qb5 Nc4 27. Bxc4 Bxc4 28. Qa5 Rc5 29. Qc3 Ba2+ 30. Nxa2 Rxc3 31. Bxc3 Qc6 32. Rhf1 Qb5 33. Rd1 Be7 34. Rxd8+ Bxd8 35. Rd1 Be7 36. Nb4 Qe2 37. Rd3 e4 38. fxe4 Qxg4 39. Nd5 Qxe4 40. Rd4 Qh1+ 41. Ka2 Bc5 42. Rd3 Qxh4 43. b4 Qc4+ 44. Kb2 Bf8 45. Rd4 Qc6 46. Kb3 h5 47. Nf4 h4 48. Ng6 h3 49. Rh4 Kf7 50. Nh8+ Ke8 51. Ng6 Qg2 52. Nf4 Qg3 53. Rxh3 Qxf4 54. a4 g5 55. b5 g4 56. Rh8 g3 57. a5 Qg5 58. Bb4 g2 59. Rxf8+ Kd7 60. Rf7+ Ke6 61. Re7+ Kf5 62. Bc5 Kg6 63. Kb4 Qxc5+ 64. Kxc5 g1Q+ 65. Kc4 Qf1+ 66. Kb4 Qf4+ 67. Kc5 Qf2+ 68. Kb4 Qd4+ 69. Kb3 Qd5+ 70. c4 Qd3+ 71. Kb2 Qxc4 72. Rxb7 Qb4+ 73. Kc1 Qc3+ 74. Kb1 Qd3+ 75. Kb2 Qd2+ 76. Ka3 Qd3+ 77. Kb2 Qd4+ 78. Ka3 Qd3+ 79. Kb2 Qd2+ 80. Ka3 Qxa5+ 81. Kb3 f5 82. Rb8 f4 83. b6 Qb5+ 84. Kc2 Qc6+ 85. Kb3 f3 86. b7 Qd5+ 87. Kc2 f2 88. Rf8 Qc5+ 0-1

[Event "New York Spring IM"]
[Site "New York"]
[Date "2025.03.29"]
[Round "4"]
[White "Bortnyk, Mykola"]
[Black "Gaw, Chloe"]
[Result "1-0"]
[WhiteElo "2395"]
[BlackElo "2114"]
[PlyCount "145"]
[EventDate "2025.03.27"]
[EventType "tourn"]
[EventRounds "9"]
[EventCountry "USA"]
[SourceTitle "CB15_2025"]
[SourceDate "2025.04.09"]
[SourceVersion "1"]
[SourceVersionDate "2025.04.09"]
[SourceQuality "1"]

1. e4 c5 2. c3 Nf6 3. e5 Nd5 4. Bc4 e6 5. Nf3 d6 6. 0-0 dxe5 7. Nxe5 Be7 8. d4 cxd4 9. Qxd4 0-0 10. Qe4 Nf6 11. Qe2 Nbd7 12. Rd1 Qa5 13. Bf4 Nxe5 14. Bxe5 Rd8 15. Nd2 Bd7 16. Nb3 Qb6 17. a4 Be8 18. a5 Qc6 19. Nd4 Qe4 20. a6 bxa6 21. Rxa6 Bc5 22. Qxe4 Nxe4 23. Re1 Nd6 24. Bxe6 fxe6 25. Nxe6 Ne4 26. Bd4 Bxd4 27. Rxe4 Bb6 28. Nxd8 Rxd8 29. Ra1 Bc6 30. Rc4 Bb7 31. Rf4 Rd2 32. b4 g5 33. Rf5 h6 34. Rf1 Be4 35. Re5 Bd3 36. Rd5 Bxf2+ 37. Kh1 Be3 38. Re1 Kf7 39. b5 Kg6 40. Rd6+ Kg7 41. Ra1 Bxb5 42. Rxa7+ Bxa7 43. Rxd2 Kg6 44. Rd5 Bc4 45. Rd6+ Kh5 46. Rc6 Bd5 47. Rc8 Bf2 48. c4 Be4 49. c5 Kg4 50. c6 Bb6 51. c7 Bb7 52. Rh8 Bxc7 53. Rh7 Bxg2+ 54. Kxg2 Bf4 55. Rxh6 Be5 56. h3+ Kf4 57. Ra6 Bc7 58. Ra4+ Kf5 59. Kf3 Bb6 60. Rb4 Bc7 61. Rb5+ Be5 62. Ra5 Kf6 63. Kg4 Bf4 64. h4 Bd2 65. hxg5+ Kg6 66. Ra6+ Kg7 67. Kf5 Be3 68. Rc6 Bd2 69. Rc7+ Kf8 70. Kf6 Kg8 71. Rc8+ Kh7 72. g6+ Kh6 73. Rh8# 1-0

[Event "New York Spring IM"]
[Site "New York"]
[Date "2025.03.27"]
[Round "1"]
[White "Gaw, Chloe"]
[Black "Yudasin, Leonid"]
[Result "1/2-1/2"]
[WhiteElo "2114"]
[BlackElo "2298"]
[PlyCount "30"]
[EventDate "2025.03.27"]
[EventType "tourn"]
[EventRounds "9"]
[EventCountry "USA"]
[SourceTitle "CB15_2025"]
[SourceDate "2025.04.09"]
[SourceVersion "1"]
[SourceVersionDate "2025.04.09"]
[SourceQuality "1"]

1. d4 d5 2. c4 e6 3. Nc3 Be7 4. cxd5 exd5 5. Bf4 Nf6 6. e3 0-0 7. Bd3 c5 8. dxc5 Bxc5 9. Nge2 Nc6 10. 0-0 h6 11. h3 a6 12. Rc1 Ba7 13. Qd2 Qe7 14. Bb1 Be6 15. Rfd1 Rfd8 1/2-1/2

[Event "New York State Scholastic-ch"]
[Site "New York"]
[Date "2025.03.16"]
[Round "4"]
[White "Gaw, Chloe"]
[Black "Adewumi, Tanitoluwa"]
[Result "1-0"]
[WhiteElo "2114"]
[BlackElo "2362"]
[PlyCount "145"]
[EventDate "2025.03.15"]
[EventType "swiss"]
[EventRounds "6"]
[EventCountry "USA"]
[SourceTitle "CB12_2025"]
[SourceDate "2025.03.19"]
[SourceVersion "1"]
[SourceVersionDate "2025.03.19"]
[SourceQuality "1"]

1. d4 Nf6 2. c4 e6 3. Nc3 Bb4 4. e3 0-0 5. Bd3 d5 6. a3 Bxc3+ 7. bxc3 dxc4 8. Bxc4 c5 9. Ne2 Qc7 10. Qd3 Rd8 11. 0-0 Nbd7 12. Ba2 Qa5 13. Bb2 b6 14. Rfe1 Ba6 15. Qc2 Rac8 16. c4 cxd4 17. exd4 Rc7 18. Bc3 Qg5 19. Bd2 Qg6 20. Qa4 Bb7 21. Ng3 Bc6 22. Qb4 Qg4 23. Qd6 Rcc8 24. h3 Qh4 25. d5 Nc5 26. Qe5 h6 27. Qe2 Bb7 28. Bc3 Qg5 29. Bd2 Qh4 30. Rad1 Kh8 31. Bc3 exd5 32. cxd5 Ncd7 33. Rd4 Qg5 34. Bd2 Qg6 35. Bb1 Re8 36. Qxe8+ Nxe8 37. Bxg6 fxg6 38. Re7 Nef6 39. Ne4 Nxe4 40. Rxd7 Nc5 41. Re7 Nb3 42. Rd3 Nc5 43. Rc3 Bxd5 44. Be3 a6 45. Bd4 Rg8 46. Bxc5 bxc5 47. Rxc5 Bb3 48. Ra7 Re8 49. Rxa6 Re1+ 50. Kh2 Re2 51. Kg3 Be6 52. Rc7 g5 53. Re7 Bc4 54. Rxe2 Bxe2 55. Ra8+ Kh7 56. a4 h5 57. a5 h4+ 58. Kh2 g4 59. a6 gxh3 60. gxh3 Bf3 61. Rb8 g5 62. a7 Kg6 63. a8Q Bxa8 64. Rxa8 Kf5 65. Ra5+ Kf4 66. Kg2 g4 67. Ra4+ Kg5 68. Rxg4+ Kh5 69. f4 Kh6 70. f5 Kh5 71. f6 Kh6 72. f7 Kh5 73. Rg8 1-0

[Event "New York State Scholastic-ch"]
[Site "New York"]
[Date "2025.03.16"]
[Round "5"]
[White "Putnam, Liam H"]
[Black "Gaw, Chloe"]
[Result "1-0"]
[WhiteElo "2499"]
[BlackElo "2114"]
[PlyCount "104"]
[EventDate "2025.03.15"]
[EventType "swiss"]
[EventRounds "6"]
[EventCountry "USA"]
[SourceTitle "CB12_2025"]
[SourceDate "2025.03.19"]
[SourceVersion "1"]
[SourceVersionDate "2025.03.19"]
[SourceQuality "1"]

1. Nf3 d5 2. g3 Nf6 3. Bg2 c5 4. 0-0 Nc6 5. d4 e6 6. c4 dxc4 7. dxc5 Qxd1 8. Rxd1 Bxc5 9. Nbd2 c3 10. bxc3 0-0 11. Nb3 Be7 12. c4 Bd7 13. Bb2 Rfd8 14. Rac1 Rac8 15. c5 Be8 16. Nfd2 b6 17. cxb6 axb6 18. Ne4 Rxd1+ 19. Rxd1 Nxe4 20. Bxe4 Nb4 21. Bb1 Nd5 22. Kf1 Bb5 23. Nd4 Ba6 24. Bd3 Bxd3 25. Rxd3 Bf6 26. e4 Nb4 27. Rb3 Rc4 28. a3 Bxd4 29. Bxd4 Rxd4 30. Rxb4 Rxb4 31. axb4 Kf8 32. e5 Ke7 33. Ke2 f6 34. exf6+ gxf6 35. Kd3 Kd6 36. Kd4 Kc6 37. f4 Kb5 38. Kc3 h5 39. h3 f5 40. Kb3 Kc6 41. Kc4 Kc7 42. Kd4 Kd6 43. b5 Kd7 44. Ke5 Ke7 45. h4 Kd7 46. Kf6 Kd6 47. Kg6 Kc5 48. Kxh5 Kxb5 49. Kg6 Kc4 50. h5 b5 51. h6 b4 52. h7 Kd5 1-0

[Event "Wch U16 Girls"]
[Site "Florianopolis"]
[Date "2024.11.03"]
[Round "6"]
[White "Gaw, Chloe"]
[Black "Dobsa, Emma"]
[Result "1-0"]
[WhiteElo "2004"]
[BlackElo "1840"]
[PlyCount "83"]
[EventDate "2024.10.29"]
[EventType "swiss"]
[EventRounds "11"]
[EventCountry "BRA"]
[SourceTitle "CB45_2024"]
[Source "ChessBase"]
[SourceDate "2024.11.06"]
[SourceVersion "1"]
[SourceVersionDate "2024.11.06"]
[SourceQuality "1"]

1. Nf3 d5 2. e3 Nf6 3. c4 c6 4. Nc3 e6 5. b3 Bd6 6. Bb2 0-0 7. Be2 Nbd7 8. Qc2 e5 9. cxd5 cxd5 10. Nb5 Bb8 11. Rc1 e4 12. Nfd4 Ne5 13. Nc7 Bxc7 14. Qxc7 Qxc7 15. Rxc7 Re8 16. Nb5 Re6 17. Nxa7 Rxa7 18. Rxc8+ Ne8 19. Bb5 Kf8 20. a4 f6 21. Rd8 Kf7 22. Bxe5 Rxe5 23. Bxe8+ Rxe8 24. Rxd5 Ke6 25. Rd4 f5 26. d3 exd3 27. Kd2 Ra6 28. Rc1 Rb6 29. b4 Re7 30. b5 Rd7 31. Kxd3 Rbd6 32. Rcc4 b6 33. Rxd6+ Rxd6+ 34. Rd4 Rxd4+ 35. exd4 Kd5 36. Kc3 g5 37. f3 h5 38. g3 Ke6 39. Kc4 Kd6 40. f4 g4 41. d5 Kd7 42. Kb4 1-0

[Event "Wch U16 Girls"]
[Site "Florianopolis"]
[Date "2024.11.01"]
[Round "4"]
[White "Natoli, Alessia"]
[Black "Gaw, Chloe"]
[Result "1-0"]
[WhiteElo "1786"]
[BlackElo "2004"]
[PlyCount "115"]
[EventDate "2024.10.29"]
[EventType "swiss"]
[EventRounds "11"]
[EventCountry "BRA"]
[SourceTitle "CB45_2024"]
[Source "ChessBase"]
[SourceDate "2024.11.06"]
[SourceVersion "1"]
[SourceVersionDate "2024.11.06"]
[SourceQuality "1"]

1. e4 c5 2. c3 Nf6 3. e5 Nd5 4. Bc4 e6 5. d4 cxd4 6. Bxd5 exd5 7. Nf3 Nc6 8. 0-0 Be7 9. Bf4 0-0 10. Nxd4 d6 11. Re1 Nxe5 12. Bxe5 dxe5 13. Rxe5 Bf6 14. Re1 Qb6 15. Nb3 Be6 16. N1d2 a5 17. a4 Rfd8 18. Nf3 Bg4 19. Re3 Re8 20. Rd3 Rad8 21. Nbd4 Bxd4 22. cxd4 Bxf3 23. Rxf3 Re5 24. Qb3 Rde8 25. g3 Qxd4 26. Qxb7 f6 27. Qb3 h6 28. Kg2 Re2 29. Rd1 Qxb2 30. Qxd5+ Kh8 31. Qxa5 Qc2 32. Rd8 Qe4 33. Rxe8+ Qxe8 34. Qa6 Ra2 35. Rf4 Qd8 36. Qb7 Qd2 37. Qc8+ Kh7 38. Qf5+ Kg8 39. Rc4 Qd6 40. Qe4 Qd7 41. Rd4 Re2 42. Qxe2 Qxd4 43. Qe6+ Kf8 44. Qc6 Qe5 45. Qa8+ Ke7 46. a5 Kd7 47. Qb7+ Qc7 48. Qxc7+ Kxc7 49. Kf3 Kc6 50. Ke4 g6 51. f4 h5 52. a6 Kb6 53. Kd5 g5 54. Ke6 h4 55. Kxf6 hxg3 56. hxg3 gxf4 57. gxf4 Kxa6 58. Ke7 1-0

[Event "New York Marshall op"]
[Site "New York"]
[Date "2024.10.05"]
[Round "1"]
[White "Stearman, Josiah P"]
[Black "Gaw, Chloe"]
[Result "1-0"]
[WhiteElo "2461"]
[BlackElo "2004"]
[PlyCount "101"]
[EventDate "2024.10.05"]
[EventType "swiss"]
[EventRounds "5"]
[EventCountry "USA"]
[SourceTitle "CB45_2024"]
[Source "ChessBase"]
[SourceDate "2024.11.06"]
[SourceVersion "1"]
[SourceVersionDate "2024.11.06"]
[SourceQuality "1"]

1. d4 d5 2. c4 dxc4 3. e4 e5 4. Nf3 exd4 5. Bxc4 Nc6 6. 0-0 Be6 7. Bb5 Bc5 8. b4 Bb6 9. a4 a6 10. Bxc6+ bxc6 11. Nbd2 Nf6 12. Ne5 c5 13. a5 Ba7 14. bxc5 Bxc5 15. Qc2 Qe7 16. Ba3 Nd7 17. Nxd7 Bxa3 18. Qc6 Rd8 19. Nc5+ Bd7 20. Nxd7 Rxd7 21. Rfb1 Bb4 22. Ra2 Qc5 23. Qa4 Bxd2 24. Rxd2 Ke7 25. Rc2 Qe5 26. Qa3+ Qd6 27. Rc5 Ke8 28. Rb8+ Rd8 29. Rxd8+ Qxd8 30. Re5+ Kd7 31. Rd5+ Kc8 32. Qh3+ Kb7 33. Qb3+ Ka7 34. Rxd8 Rxd8 35. Qxf7 Kb7 36. Kf1 d3 37. Ke1 Kc8 38. Kd2 c5 39. Qe6+ Kc7 40. Qb6+ Kd7 41. Kxd3 Ke7+ 42. Ke3 c4 43. Qc7+ Rd7 44. Qxc4 Rd6 45. e5 Rh6 46. Qc7+ Ke6 47. Qd6+ Kf5 48. Qxh6 gxh6 49. f4 h5 50. h4 h6 51. g3 1-0

[Event "New York Marshall CC op-B"]
[Site "New York"]
[Date "2024.09.07"]
[Round "2"]
[White "Hebbar, Eshaan"]
[Black "Gaw, Chloe"]
[Result "0-1"]
[WhiteElo "2208"]
[BlackElo "1957"]
[PlyCount "152"]
[EventDate "2024.09.07"]
[EventType "swiss"]
[EventRounds "5"]
[EventCountry "USA"]
[SourceTitle "EXT 2025"]
[Source "ChessBase"]
[SourceDate "2024.10.14"]
[SourceVersion "1"]
[SourceVersionDate "2024.10.14"]
[SourceQuality "1"]

1. d4 d5 2. c4 dxc4 3. e3 Nf6 4. Bxc4 e6 5. Nf3 c5 6. Nc3 a6 7. a4 Nc6 8. 0-0 Be7 9. d5 exd5 10. Nxd5 0-0 11. Nxe7+ Qxe7 12. h3 Be6 13. Qe2 Rfd8 14. Bd3 Bd5 15. Nd2 Ne4 16. Bb1 Qe6 17. Rd1 g6 18. Ra3 Nxd2 19. Bxd2 Nd4 20. Qe1 Nf3+ 21. gxf3 Bxf3 22. e4 Qxh3 23. Rxf3 Qxf3 24. Bc2 Qg4+ 25. Kf1 Qh3+ 26. Ke2 Qe6 27. Bc3 b5 28. axb5 axb5 29. Rxd8+ Rxd8 30. b3 b4 31. Bb2 Qg4+ 32. Ke3 Qh3+ 33. Ke2 Qg4+ 34. Ke3 f5 35. Be5 fxe4 36. Bxe4 Qe6 37. Qa1 Qxb3+ 38. Ke2 Qc4+ 39. Ke3 Qb3+ 40. Ke2 Qa3 41. Qxa3 bxa3 42. Bb1 Re8 43. Ba2+ Kf8 44. f4 g5 45. Kf3 gxf4 46. Bd6+ Kg7 47. Bxc5 Rd8 48. Bb4 Rd3+ 49. Ke4 Rh3 50. Bc5 f3 51. Bf2 Kf6 52. Kf4 h5 53. Bd5 Ke7 54. Ba2 Kd6 55. Bf7 Kc6 56. Be6 Rh1 57. Kxf3 Rd1 58. Ke2 Rb1 59. Bd4 Rb4 60. Kd3 h4 61. Bc3 Rf4 62. Kc2 Kd6 63. Bh3 Rf3 64. Bg4 Rg3 65. Bf5 h3 66. Be4 a2 67. Ba1 Re3 68. Ba8 Re8 69. Bf3 Rb8 70. Bb2 h2 71. Ba3+ Ke5 72. Bb2+ Kf4 73. Bd5 Rd8 74. Bb7 Re8 75. Bc1+ Kf5 76. Bb2 Re1 0-1

[Event "New York Marshall Labor Day Schev"]
[Site "New York"]
[Date "2024.09.02"]
[Round "9.2"]
[White "Gaw, Chloe"]
[Black "Colas, Joshua"]
[Result "0-1"]
[WhiteElo "1981"]
[BlackElo "2224"]
[PlyCount "74"]
[EventDate "2024.08.29"]
[EventType "schev"]
[EventRounds "9"]
[EventCountry "USA"]
[SourceTitle "EXT 2025"]
[Source "ChessBase"]
[SourceDate "2024.10.14"]
[SourceVersion "1"]
[SourceVersionDate "2024.10.14"]
[SourceQuality "1"]

1. d4 d5 2. c4 e6 3. Nc3 a6 4. cxd5 exd5 5. Qc2 c6 6. Bf4 Bd6 7. Bxd6 Qxd6 8. Nf3 Ne7 9. e3 Bf5 10. Bd3 Bxd3 11. Qxd3 Nd7 12. 0-0 0-0 13. h3 a5 14. Rac1 a4 15. Qc2 b5 16. Ne2 Rac8 17. Nf4 f5 18. Nd3 Ng6 19. Nc5 f4 20. Nxd7 Qxd7 21. e4 dxe4 22. Qxe4 Rfe8 23. Ne5 Nxe5 24. dxe5 Qe6 25. Qxf4 Qxa2 26. Qd4 Qd5 27. Qxd5+ cxd5 28. f4 Kf7 29. Kf2 Rc4 30. Rxc4 dxc4 31. Rd1 b4 32. Rc1 c3 33. bxc3 b3 34. Rb1 Rb8 35. Ke3 a3 36. Kd2 a2 37. Kc1 b2+ 0-1

[Event "New York Marshall Labor Day Schev"]
[Site "New York"]
[Date "2024.08.30"]
[Round "2.2"]
[White "Gaw, Chloe"]
[Black "Rohde, Michael A"]
[Result "1/2-1/2"]
[WhiteElo "1981"]
[BlackElo "2280"]
[PlyCount "46"]
[EventDate "2024.08.29"]
[EventType "schev"]
[EventRounds "9"]
[EventCountry "USA"]
[SourceTitle "EXT 2025"]
[Source "ChessBase"]
[SourceDate "2024.10.14"]
[SourceVersion "1"]
[SourceVersionDate "2024.10.14"]
[SourceQuality "1"]

1. d4 Nf6 2. c4 e6 3. Nc3 Bb4 4. e3 0-0 5. Bd3 d5 6. a3 Bxc3+ 7. bxc3 b6 8. cxd5 exd5 9. Ne2 c5 10. 0-0 Ba6 11. f3 Bxd3 12. Qxd3 Re8 13. Ng3 Nbd7 14. Bb2 Rc8 15. Rad1 Qc7 16. Qe2 cxd4 17. cxd4 Qc2 18. Rd2 Qg6 19. Qf2 b5 20. Re2 Nb6 21. e4 Na4 22. Bc1 h6 23. Rfe1 Nh5 1/2-1/2

[Event "USA-ch U20 Girls"]
[Site "Saint Louis"]
[Date "2024.07.25"]
[Round "9"]
[White "Ehsani, Yassamin L"]
[Black "Gaw, Chloe"]
[Result "1-0"]
[WhiteElo "2083"]
[BlackElo "2000"]
[PlyCount "111"]
[EventDate "2024.07.16"]
[EventType "tourn"]
[EventRounds "9"]
[EventCountry "USA"]
[SourceTitle "EXT 2025"]
[Source "ChessBase"]
[SourceDate "2024.10.14"]
[SourceVersion "1"]
[SourceVersionDate "2024.10.14"]
[SourceQuality "1"]

1. d4 d5 2. c4 dxc4 3. e3 Nf6 4. Bxc4 e6 5. Nf3 c5 6. 0-0 a6 7. Nc3 b5 8. Be2 Bb7 9. dxc5 Bxc5 10. Qxd8+ Kxd8 11. Nd2 Nbd7 12. Nb3 Bb6 13. a4 b4 14. a5 Bc7 15. Na4 Bd6 16. f3 Nd5 17. Rd1 Ke7 18. e4 Nf4 19. Bf1 e5 20. Be3 Ne6 21. Nb6 Nxb6 22. axb6 Rhc8 23. Na5 Bc5 24. Bxc5+ Nxc5 25. Nxb7 Nxb7 26. Bxa6 Rab8 27. Rd5 Rc6 28. Rxe5+ Kf6 29. Rf5+ Ke7 30. Bf1 Rxb6 31. Ra7 Ke8 32. Re5+ Kf8 33. Bc4 Nd6 34. Bd5 g6 35. Ree7 Ra6 36. Rxf7+ Nxf7 37. Rxa6 Ne5 38. b3 Rc8 39. Ra8 Rxa8 40. Bxa8 Ke7 41. Kf2 Kd6 42. Ke3 Kc5 43. Bd5 g5 44. h3 Ng6 45. g3 Ne7 46. Bb7 Ng6 47. f4 gxf4+ 48. gxf4 Kd6 49. e5+ Ke6 50. Ke4 Ne7 51. f5+ Kd7 52. Bd5 Ke8 53. f6 Ng6 54. e6 Kd8 55. e7+ Kd7 56. Bc6+ 1-0

[Event "USA-ch U20 Girls"]
[Site "Saint Louis"]
[Date "2024.07.17"]
[Round "2"]
[White "Li, Rachael"]
[Black "Gaw, Chloe"]
[Result "0-1"]
[WhiteElo "2182"]
[BlackElo "2000"]
[PlyCount "76"]
[EventDate "2024.07.16"]
[EventType "tourn"]
[EventRounds "9"]
[EventCountry "USA"]
[SourceTitle "EXT 2025"]
[Source "ChessBase"]
[SourceDate "2024.10.14"]
[SourceVersion "1"]
[SourceVersionDate "2024.10.14"]
[SourceQuality "1"]

1. e4 c5 2. d4 cxd4 3. c3 Nf6 4. e5 Nd5 5. Nf3 Nc6 6. cxd4 d6 7. Bc4 Nb6 8. Bb5 dxe5 9. Nxe5 Bd7 10. Bxc6 Bxc6 11. Nxc6 bxc6 12. 0-0 g6 13. Re1 e6 14. Nc3 Bg7 15. Re4 0-0 16. Bf4 Nd5 17. Be5 f6 18. Bg3 f5 19. Rxe6 f4 20. Rxc6 Nxc3 21. bxc3 fxg3 22. hxg3 Rc8 23. Qb3+ Kh8 24. Rxc8 Qxc8 25. Re1 Qf5 26. f3 Qg5 27. Kf2 h5 28. Re4 Rc8 29. Re3 h4 30. gxh4 Qxh4+ 31. Ke2 Qh2 32. Kf2 Bf6 33. Qe6 Bh4+ 34. Kf1 Qh1+ 35. Ke2 Qe1+ 36. Kd3 Rxc3+ 37. Ke4 Rxe3+ 38. Kd5 Rxe6 0-1

[Event "San Francisco 1000 GM Memorial Day"]
[Site "San Francisco"]
[Date "2024.05.27"]
[Round "8"]
[White "Wu, Sibo"]
[Black "Gaw, Chloe"]
[Result "0-1"]
[WhiteElo "2146"]
[BlackElo "1954"]
[PlyCount "114"]
[EventDate "2024.05.23"]
[EventType "swiss"]
[EventRounds "9"]
[EventCountry "USA"]
[SourceTitle "CBM 220 Extra"]
[Source "ChessBase"]
[SourceDate "2024.07.31"]
[SourceVersion "1"]
[SourceVersionDate "2024.07.31"]
[SourceQuality "1"]

1. d4 d5 2. Nf3 Nf6 3. Bf4 c5 4. e3 Nc6 5. Nbd2 Bg4 6. c3 e6 7. Qb3 Qc8 8. h3 Bh5 9. g4 Bg6 10. Nh4 Be7 11. Nxg6 hxg6 12. Be2 Qd7 13. Nf3 Nxg4 14. a4 a6 15. Rd1 Nf6 16. Qc2 Rc8 17. Ne5 Qd8 18. Bf3 Qb6 19. dxc5 Bxc5 20. Nd3 Be7 21. Qe2 Nd7 22. Bg3 Bf6 23. e4 d4 24. e5 Be7 25. Bg2 dxc3 26. bxc3 Qb3 27. 0-0 Qxc3 28. Rb1 Rc7 29. Qe4 0-0 30. Rfc1 Qa5 31. h4 Rfc8 32. Bf3 Nb6 33. Kg2 Nd5 34. Qg4 Qd2 35. Bxd5 Qxd3 36. Be4 Qd4 37. Rd1 Qc5 38. Rdc1 Qa5 39. Qf4 Nb4 40. Rxc7 Qxc7 41. Qf3 Qc3 42. Qe2 Qc4 43. Qf3 b6 44. Rh1 Qd4 45. h5 Rc3 46. Qe2 Nd5 47. hxg6 Ne3+ 48. Kf3 Nf5+ 49. Kg2 fxg6 50. Bxf5 exf5 51. Rd1 Qe4+ 52. Qxe4 fxe4 53. Rd4 e3 54. fxe3 Rxe3 55. Kf2 Ra3 56. Rd7 Bc5+ 57. Kg2 Rxa4 0-1

[Event "San Francisco 1000 GM Memorial Day"]
[Site "San Francisco"]
[Date "2024.05.26"]
[Round "6"]
[White "Harish, Neeraj"]
[Black "Gaw, Chloe"]
[Result "1-0"]
[WhiteElo "2213"]
[BlackElo "1954"]
[PlyCount "89"]
[EventDate "2024.05.23"]
[EventType "swiss"]
[EventRounds "9"]
[EventCountry "USA"]
[SourceTitle "CBM 220 Extra"]
[Source "ChessBase"]
[SourceDate "2024.07.31"]
[SourceVersion "1"]
[SourceVersionDate "2024.07.31"]
[SourceQuality "1"]

1. e4 c5 2. Nf3 d6 3. d4 cxd4 4. Nxd4 Nf6 5. Nc3 Nc6 6. Bg5 e6 7. Qd2 a6 8. Nxc6 bxc6 9. 0-0-0 Qc7 10. Bc4 Bb7 11. Rhe1 Rd8 12. f4 Be7 13. Bb3 h6 14. Bxf6 Bxf6 15. Kb1 d5 16. e5 Be7 17. g4 Bb4 18. Qe2 c5 19. Rf1 0-0 20. Na4 Bc6 21. c4 dxc4 22. Bc2 Qa5 23. Rxd8 Rxd8 24. Rd1 Rb8 25. Qxc4 Bxa4 26. b3 Bb5 27. Qe4 g6 28. f5 Bc3 29. Qe3 Bd4 30. Qxh6 Bxe5 31. fxg6 Bg7 32. gxf7+ Kxf7 33. Bg6+ Kg8 34. Bh7+ Kh8 35. Qh5 Be8 36. Bg6+ Kg8 37. Qh7+ Kf8 38. Rf1+ Ke7 39. Qxg7+ Kd6 40. Qf8+ Kc7 41. Bxe8 Qd2 42. Qxc5+ Kd8 43. Bg6 Rb7 44. Rf8+ Kd7 45. Be8+ 1-0

[Event "San Francisco 1000 GM Memorial Day"]
[Site "San Francisco"]
[Date "2024.05.24"]
[Round "3"]
[White "Kretchetov, Alexandre"]
[Black "Gaw, Chloe"]
[Result "1/2-1/2"]
[WhiteElo "2133"]
[BlackElo "1954"]
[PlyCount "72"]
[EventDate "2024.05.23"]
[EventType "swiss"]
[EventRounds "9"]
[EventCountry "USA"]
[SourceTitle "CBM 220 Extra"]
[Source "ChessBase"]
[SourceDate "2024.07.31"]
[SourceVersion "1"]
[SourceVersionDate "2024.07.31"]
[SourceQuality "1"]

1. d4 d5 2. c4 dxc4 3. Nf3 Nf6 4. e3 e6 5. Bxc4 c5 6. 0-0 a6 7. b3 b5 8. Be2 Bb7 9. a4 b4 10. Bb2 Nbd7 11. Nbd2 Be7 12. Rc1 Rc8 13. Ne5 0-0 14. Bf3 Bxf3 15. Ndxf3 Nxe5 16. dxe5 Qxd1 17. Rfxd1 Ne4 18. Kf1 c4 19. bxc4 Nc5 20. Bd4 Nxa4 21. Ra1 Nc3 22. Rdc1 Rxc4 23. Rxa6 Rfc8 24. Nd2 R4c7 25. Nb3 g6 26. Ke1 Kg7 27. f3 h5 28. Kd2 Nb5 29. Rxc7 Rxc7 30. Ra1 Rc8 31. Ra5 Na3 32. Ra7 Bf8 33. Kd3 Nc2 34. Kd2 Na3 35. Kd3 Nc2 36. Ra2 Na3 1/2-1/2

[Event "New York Marshall op 04"]
[Site "New York"]
[Date "2024.04.15"]
[Round "5"]
[White "Gaw, Chloe"]
[Black "Das, Aditeya"]
[Result "1/2-1/2"]
[WhiteElo "2052"]
[BlackElo "1887"]
[PlyCount "60"]
[EventDate "2024.04.13"]
[EventType "swiss"]
[EventRounds "5"]
[EventCountry "USA"]
[SourceTitle "CBM 219 Extra"]
[Source "ChessBase"]
[SourceDate "2024.05.31"]
[SourceVersion "1"]
[SourceVersionDate "2024.05.31"]
[SourceQuality "1"]

1. d4 d5 2. c4 c6 3. Nc3 Nf6 4. e3 Bf5 5. cxd5 cxd5 6. Qb3 Qb6 7. Nxd5 Nxd5 8. Qxd5 Qb4+ 9. Bd2 Qxb2 10. Rc1 Bd7 11. Bb5 Nc6 12. Bxc6 bxc6 13. Qc4 e6 14. Nf3 Qb5 15. Ne5 Bd6 16. Nxc6 Qg5 17. 0-0 0-0 18. f4 Qf5 19. Ne5 Rfc8 20. Qe2 Bxe5 21. fxe5 Qe4 22. Qf3 Qxf3 23. gxf3 Bb5 24. Rxc8+ Rxc8 25. Rb1 a6 26. e4 f6 27. exf6 gxf6 28. Rb2 Rc4 29. Be3 Rc3 30. Bd2 Rc4 1/2-1/2

[Event "New York 1000 GM Winter IM-C"]
[Site "New York"]
[Date "2024.01.15"]
[Round "8"]
[White "Hajnal, Zoltan"]
[Black "Gaw, Chloe"]
[Result "1-0"]
[WhiteElo "2383"]
[BlackElo "1928"]
[PlyCount "73"]
[EventDate "2024.01.11"]
[EventType "swiss"]
[EventRounds "9"]
[EventCountry "USA"]
[SourceTitle "CBM 218 Extra"]
[Source "ChessBase"]
[SourceDate "2024.03.31"]
[SourceVersion "1"]
[SourceVersionDate "2024.03.31"]
[SourceQuality "1"]

1. e4 c5 2. Nf3 d6 3. d4 cxd4 4. Nxd4 Nf6 5. Nc3 Nc6 6. Bg5 e6 7. Qd2 a6 8. 0-0-0 Bd7 9. f3 Nxd4 10. Qxd4 Be7 11. h4 h5 12. Be2 Qc7 13. f4 Qc5 14. Qd3 Bc6 15. Rhe1 b5 16. a3 b4 17. axb4 Qxb4 18. Bf3 Rb8 19. e5 Bxf3 20. exf6 Bxd1 21. fxg7 Rg8 22. Bxe7 Qxb2+ 23. Kxd1 Kxe7 24. Qd4 Kd7 25. Qf6 Kc6 26. Kd2 Rb4 27. Rb1 Qa3 28. Qxf7 Rxb1 29. Qxg8 Qc1+ 30. Kd3 Qf1+ 31. Ne2 Rd1+ 32. Ke3 Re1 33. Qa8+ Kb6 34. Qf3 Rxe2+ 35. Qxe2 Qc1+ 36. Kf3 Qa3+ 37. Qe3+ 1-0

[Event "New York 1000 GM Winter IM-C"]
[Site "New York"]
[Date "2024.01.12"]
[Round "3"]
[White "Almeida Saenz, Alfonso"]
[Black "Gaw, Chloe"]
[Result "1-0"]
[WhiteElo "2222"]
[BlackElo "1928"]
[PlyCount "79"]
[EventDate "2024.01.11"]
[EventType "swiss"]
[EventRounds "9"]
[EventCountry "USA"]
[SourceTitle "CBM 218 Extra"]
[Source "ChessBase"]
[SourceDate "2024.03.31"]
[SourceVersion "1"]
[SourceVersionDate "2024.03.31"]
[SourceQuality "1"]

1. d4 d5 2. Nc3 Nf6 3. Bg5 Bf5 4. f3 c6 5. e4 dxe4 6. Bxf6 exf6 7. fxe4 Be6 8. Nf3 Nd7 9. Bd3 Qb6 10. a3 0-0-0 11. b4 Bg4 12. Na4 Qc7 13. 0-0 Nb6 14. c3 Nxa4 15. Qxa4 Qf4 16. Rae1 Bxf3 17. Rxf3 Qh4 18. g3 Qg5 19. Qxa7 Bd6 20. e5 Bb8 21. Qa5 g6 22. b5 Qd2 23. Re2 Qd1+ 24. Kg2 c5 25. b6 Rd5 26. c4 Rd7 27. Qxc5+ Kd8 28. exf6 h5 29. Re7 Qd2+ 30. Be2 Bd6 31. Rxd7+ Kxd7 32. Qb5+ Kd8 33. c5 Bb8 34. Qd3 Qxd3 35. Bxd3 h4 36. Bc4 hxg3 37. hxg3 Rf8 38. Re3 Re8 39. Rxe8+ Kxe8 40. Bd5 1-0